Statistics for 2023-24 NFL PLAYERS PREVIOUS TEAMS

Click here to take the quiz!

General Stats

  • This quiz has been taken 84 times
  • The average score is 18 of 34

Answer Stats

HintAnswer% Correct
DET > LARMatthew Stafford
92%
MIN > BUFStefon Diggs
88%
GB > LVDavante Adams
86%
ATL > JAXCalvin Ridley
73%
KC > MIATyreek Hill
73%
MIN > CARAdam Thielen
72%
SEA > DENRussell Wilson
69%
GB > NYJAllen Lazard
65%
NE > LVJakobi Meyers
65%
LAR > BALOdell Beckham Jr.
64%
DET > MINT.J. Hockenson
57%
GB > NYJAaron Rodgers
55%
LAR > DETJared Goff
55%
CHI > DETDavid Montgomery
54%
DET > NOJamaal Williams
51%
PHI > CARMiles Sanders
50%
NYJ > CLEElijah Moore
49%
PIT > ARIJames Conner
49%
SF > LVJimmy Garoppolo
49%
SF > MIARaheem Mostert
49%
ARI > TENDeAndre Hopkins
47%
TEN > PHIA.J. Brown
46%
KC > NEJuJu Smith-Schuster
46%
CAR > SFChristian McCaffrey
45%
MIN > NYJDalvin Cook
45%
PHI > ARIZach Ertz
41%
HOU > DALBrandin Cooks
39%
BAL > ARIMarquise Brown
39%
TEN > HOURobert Woods
39%
MIA > TENRyan Tannehil
39%
CAR > TBBaker Mayfield
38%
CAR > CHID.J. Moore
38%
ARI > JAXChristian Kirk
36%
NYG > JAXEvan Engram
30%

Score Distribution

Percentile by Number Answered

Percent of People with Each Score

Your Score History

You have not taken this quiz